MARC

LEADER 00000nam0a2200000 4500
001 23789
005 20231030195927.0
010 |a 5801600574 
035 |a (RuTPU)RU\TPU\book\24014 
035 |a BOOK00024087 
090 |a 23789 
100 |a 20011209d2000 m y0rusy50 ca 
101 0 |a rus 
102 |a RU 
105 |a y j 000zy 
200 1 |a Информатика  |e Конспект лекций  |f А. А. Козырев, А. П. Юдин 
210 |a СПб.  |c Изд-во Михайлова В.А  |d 2000 
215 |a 46 с. 
225 1 |a Высшее профессиональное образование 
610 1 |a информатика 
610 1 |a информационные технологии 
610 1 |a ЭВМ 
610 1 |a аппаратные средства 
610 1 |a программные средства 
610 1 |a электронные таблицы 
610 1 |a программы-оболочки 
610 1 |a программы-утилиты 
610 1 |a сети вычислительные 
610 1 |a алгоритмизация 
610 1 |a программирование 
610 1 |a учебные пособия 
675 |a 681.3.01(07)  |v 3 
700 1 |a Козырев  |b А. А.  |g Александр Александрович 
701 1 |a Юдин  |b А. П. 
801 0 |a RU  |b 63413507  |c 20011209  |g PSBO 
801 2 |a RU  |b 63413507  |c 20081114  |g PSBO 
942 |c BK